000 00555nam a2200181Ia 4500
008 090124s9999 xx 000 0 und d
082 _b123324
100 _aहरकारे अरुण
245 _a कशासाठी ? पैशासाठी
250 _a1
260 _c1988
300 _a222
600 _aहरकारे अरुण
630 _a कशासाठी ? पैशासाठी
700 _aहरकारे अरुण
730 _a कशासाठी ? पैशासाठी
942 _cBOOK
999 _c169410
_d169410